| 000 | 00746cam a22002171 4500 | ||
|---|---|---|---|
| 082 | 0 | 0 |
_a629.12 _bMCK _cL-5, P-64 |
| 110 | 2 |
_aNorthrop Institute of Technology. _944328 |
|
| 245 | 1 | 0 |
_aPowerplants for aerospace vehicles _c[by] James L. McKinley [and] Ralph D. Bent. |
| 250 | _a3d ed. | ||
| 260 |
_aNew York. _bMcGraw-Hill _c[1965] |
||
| 300 |
_av, 480 p. _billus. _c29 cm. |
||
| 500 | _aFirst-2d and 4th ed. published under title: Aircraft power plants. | ||
| 526 |
_a0 _b0 _c0 _d629_120000000000000_MCK |
||
| 650 | 0 |
_aAirplanes _xMotors. _941970 |
|
| 650 | 0 |
_aMCE _9379 |
|
| 650 | 0 |
_aPropellers, Aerial. _944329 |
|
| 650 | 0 |
_aRocket engines. _934849 |
|
| 700 | 1 |
_aBent, Ralph D. _944330 |
|
| 700 | 1 |
_aMcKinley, James L. _944331 |
|
| 942 |
_2ddc _cBK |
||
| 999 |
_c548151 _d548151 |
||